Hope: (Record no. 758177)

MARC details
000 -LEADER
fixed length control field 00456nam a2200169 4500
020 ## - INTERNATIONAL STANDARD BOOK NUMBER
ISBN 9780241767160
082 ## - DEWEY DECIMAL CLASSIFICATION NUMBER
Classification number 922.2
Item number FRA.H
084 ## - OTHER CLASSIFICATION NUMBER
Source of Number Colon Classification
100 ## - MAIN ENTRY--AUTHOR NAME
Personal name Pope Francis
245 ## - TITLE STATEMENT
Title Hope:
Sub Title The autobiography
260 ## - PUBLICATION, DISTRIBUTION, ETC. (IMPRINT)
Place of publication New York:
Name of publisher Penguin random house;
Year of publication 2025.
300 ## - PHYSICAL DESCRIPTION
Number of Pages 302p.
650 ## - SUBJECT ADDED ENTRY--TOPICAL TERM
Topical Term Jorge mario bergoglio pope francis
700 ## - ADDED ENTRY--PERSONAL NAME
Personal name Richard dixon
942 ## - ADDED ENTRY ELEMENTS (KOHA)
Source of classification or shelving scheme Dewey Decimal Classification
Koha item type Book
Holdings
Withdrawn status Lost status Source of classification or shelving scheme Damaged status Not for loan Collection code Home Library Current Location Shelving location Date acquired Cost, normal purchase price Full call number Accession Number Price effective from Koha item type
    Dewey Decimal Classification     Non-fiction Campus Library Kariavattom Campus Library Kariavattom General Stacks 26/03/2026 1099.00 922.2 FRA.H UCL35099 26/03/2026 Book